Rumunia - prawda czy fałsz? - Statystyki

Ogólne statystyki
  • Ten quiz został rozwiązany 28 razy
    26 od ostatniego zresetowania
  • Średni wynik to 9 z 13
Statystyki odpowiedzi
Zagadnienie Odpowiedź % Poprawnych
Czy Bukareszt jest stolicą Rumunii? Prawda
100%
Dacja - region położony w Rumunii? Prawda
100%
Rumunia jest kojarzona z Wampirem Drakulą Prawda
100%
Język rumuński jest urzędowy tylko w Rumunii? Fałsz
89%
Rumunia ma w swoich granicach 6000 niedźwiedzi Prawda
89%
Większość Polaków uważa że Rumuni to Cyganie Prawda
89%
Rumunia od zakończenia wojny należała do Bloku Komunistycznego Prawda
89%
Czy Rumunia wspierała Polskę podczas II wojny światowej? Prawda
67%
Rumunia ma najcięższą budowle na świecie Prawda
67%
Język hiszpański jest najpodobniejszy do rumuńskiego Fałsz
56%
Reprezentacja Rumunii w piłce nożnej występowała tylko 4 razy w EURO Fałsz
33%
Czy kiedykolwiek drużyna piłkarska z Rumunii wygrała Ligę Mistrzów? Prawda
33%
Rumunia została połączona z trzech regionów Dacji, Wołoszczyzny i Mołdawii Fałsz
11%
Nie znaleziono quizów pasujących do podanych kryteriów
Rozkład punktacji
Procent ludzi z każdym wynikiem
Percentyl według liczby udzielonych odpowiedzi
Twoja historia wyników
Nie rozwiązałeś tego quizu od ostatniego zresetowania